[Event "Baleares-Tch"]
[Site "Ibiza ESP"]
[Date "2012.05.10"]
[Round "1.3"]
[White "Petkov, Vladimir"]
[Black "Tyomkin, Dimitri"]
[Result "1-0"]
[WhiteElo "2512"]
[BlackElo "2493"]
[PlyCount "39"]
[GameId "2130307698648293"]
[EventDate "2012.05.10"]
[EventType "team"]
[EventRounds "5"]
[EventCountry "ESP"]
[SourceTitle "EXT 2014"]
[Source "ChessBase"]
[SourceDate "2013.11.20"]
[SourceVersion "1"]
[SourceVersionDate "2013.11.20"]
[SourceQuality "1"]

1. d4 Nf6 2. c4 g6 3. Nc3 d5 4. Bg5 Ne4 5. Bh4 Nxc3 6. bxc3 Bg7 7. e3 c5 8. cxd5 Qxd5 9. Qf3 Qd7 10. Bc4 O-O 11. Nh3 Nc6 12. Ng5 Qf5 13. O-O Qxf3 14. Nxf3 cxd4 15. exd4 e5 16. dxe5 Nxe5 17. Nxe5 Bxe5 18. Rac1 Be6 19. Bxe6 fxe6 20. c4 1-0

[Event "Baleares-Tch"]
[Site "Ibiza ESP"]
[Date "2012.06.12"]
[Round "4.3"]
[White "Tyomkin, Dimitri"]
[Black "Adell Corts, Francisco"]
[Result "1-0"]
[WhiteElo "2493"]
[BlackElo "2202"]
[PlyCount "73"]
[GameId "2130307698652421"]
[EventDate "2012.05.10"]
[EventType "team"]
[EventRounds "5"]
[EventCountry "ESP"]
[SourceTitle "EXT 2014"]
[Source "ChessBase"]
[SourceDate "2013.11.20"]
[SourceVersion "1"]
[SourceVersionDate "2013.11.20"]
[SourceQuality "1"]

1. e4 e6 2. d4 d5 3. Nd2 Nf6 4. e5 Nfd7 5. Ngf3 c5 6. c3 Nc6 7. Bd3 cxd4 8. cxd4 b6 9. a3 Be7 10. b4 a6 11. O-O b5 12. Qc2 Bb7 13. Nb3 Rc8 14. Nc5 Nxc5 15. bxc5 Na5 16. Ne1 Nc4 17. f4 g6 18. Nf3 Bc6 19. Bd2 Rb8 20. Kf2 Rb7 21. g4 Qb8 22. f5 a5 23. fxe6 fxe6 24. Bh6 Kd7 25. Kg1 b4 26. Bxc4 dxc4 27. Qc1 Bd5 28. Qe3 b3 29. Nd2 b2 30. Rae1 g5 31. Bg7 Re8 32. Bf6 Rb3 33. Nxb3 Qxb3 34. Qxb3 cxb3 35. Rb1 a4 36. Bxe7 Kxe7 37. Rxb2 1-0

[Event "Baleares-Tch"]
[Site "Ibiza ESP"]
[Date "2012.06.12"]
[Round "5.1"]
[White "Ali, Ehsan"]
[Black "Tyomkin, Dimitri"]
[Result "1/2-1/2"]
[WhiteElo "2353"]
[BlackElo "2493"]
[PlyCount "72"]
[GameId "2130307698652422"]
[EventDate "2012.05.10"]
[EventType "team"]
[EventRounds "5"]
[EventCountry "ESP"]
[SourceTitle "EXT 2014"]
[Source "ChessBase"]
[SourceDate "2013.11.20"]
[SourceVersion "1"]
[SourceVersionDate "2013.11.20"]
[SourceQuality "1"]

1. e4 c5 2. b3 Nc6 3. Bb2 d6 4. Bb5 Bd7 5. Nf3 Nf6 6. Qe2 a6 7. Bxc6 Bxc6 8. d3 e6 9. O-O Be7 10. Nbd2 O-O 11. d4 cxd4 12. Nxd4 Rc8 13. c4 b5 14. cxb5 Bxb5 15. Nxb5 axb5 16. Rfc1 Qb6 17. h3 d5 18. exd5 Nxd5 19. Ne4 f5 20. Nc3 Nf4 21. Qf3 Ng6 22. Ne2 b4 23. Nf4 Bg5 24. Nxg6 hxg6 25. Rxc8 Rxc8 26. Re1 Kf7 27. Qe2 Rc6 28. Qe5 Bf6 29. Qe2 Bxb2 30. Qxb2 Qc5 31. Rd1 Rd6 32. Rc1 Qd4 33. Qxd4 Rxd4 34. Kf1 Rd2 35. Rc4 Rxa2 36. Rxb4 g5 1/2-1/2

[Event "Mallorca-Tch Preferente"]
[Site "Palma de Mallorca ESP"]
[Date "2012.01.28"]
[Round "1.2"]
[White "Brull Mayol, Cosme"]
[Black "Tyomkin, Dimitri"]
[Result "0-1"]
[WhiteElo "2285"]
[BlackElo "2498"]
[PlyCount "106"]
[GameId "2130307701199940"]
[EventDate "2012.01.28"]
[EventType "team"]
[EventRounds "9"]
[EventCountry "ESP"]
[SourceTitle "EXT 2014"]
[Source "ChessBase"]
[SourceDate "2013.11.20"]
[SourceVersion "1"]
[SourceVersionDate "2013.11.20"]
[SourceQuality "1"]
[WhiteTeam "Son Dameto"]
[BlackTeam "Sa Dragonera"]
[WhiteTeamCountry "ESP"]
[BlackTeamCountry "ESP"]

1. d4 Nf6 2. Nf3 g6 3. c4 Bg7 4. Nc3 d5 5. Bg5 Ne4 6. Bh4 Nxc3 7. bxc3 c5 8. e3 Nc6 9. Be2 cxd4 10. cxd4 Qa5+ 11. Nd2 dxc4 12. O-O c3 13. Nc4 Qd5 14. Qa4 O-O 15. Bf3 Qd8 16. Qa3 Be6 17. Bxc6 bxc6 18. Bxe7 Qd5 19. Nd6 c2 20. Rac1 Rfb8 21. Rxc2 a5 22. h3 Ra7 23. Nc4 Qe4 24. Bc5 Qxc2 25. Bxa7 Bxc4 26. Bxb8 Bxf1 27. Qxa5 h6 28. Kxf1 Qb1+ 29. Ke2 Qxb8 30. g4 Bf8 31. h4 Qh2 32. h5 Qg2 33. hxg6 Qxg4+ 34. Kf1 Qxg6 35. a4 Qd3+ 36. Kg2 c5 37. dxc5 Qd5+ 38. Kf1 h5 39. Qb5 Bxc5 40. a5 h4 41. Qa4 Ba7 42. Qxh4 Qb5+ 43. Kg2 Qxa5 44. Qe4 Qg5+ 45. Kh3 Kg7 46. Qa8 Bc5 47. Qc8 Bd6 48. f4 Qc5 49. Qe8 Qd5 50. Kg3 Qe6 51. Qxe6 fxe6 52. e4 Bb4 53. Kg4 Bd2 0-1

[Event "Mallorca-Tch Preferente"]
[Site "Palma de Mallorca ESP"]
[Date "2012.02.11"]
[Round "2.5"]
[White "Tyomkin, Dimitri"]
[Black "Segura Ariza, Jose Luis"]
[Result "1-0"]
[WhiteElo "2498"]
[BlackElo "2181"]
[PlyCount "55"]
[GameId "2130307701204083"]
[EventDate "2012.01.28"]
[EventType "team"]
[EventRounds "9"]
[EventCountry "ESP"]
[SourceTitle "EXT 2014"]
[Source "ChessBase"]
[SourceDate "2013.11.20"]
[SourceVersion "1"]
[SourceVersionDate "2013.11.20"]
[SourceQuality "1"]
[WhiteTeam "Sa Dragonera"]
[BlackTeam "Dimonis Algaida"]
[WhiteTeamCountry "ESP"]
[BlackTeamCountry "ESP"]

1. e4 c5 2. Nf3 d6 3. Bb5+ Nd7 4. O-O Ngf6 5. Re1 a6 6. Bf1 b6 7. d4 cxd4 8. Qxd4 e5 9. Qd1 Bb7 10. Bg5 h6 11. Bxf6 Nxf6 12. Nc3 Be7 13. Bc4 Rc8 14. Qd3 b5 15. Bb3 Rc5 16. Nd2 O-O 17. Nf1 Qc7 18. Ne3 Kh8 19. Re2 Nh5 20. g3 Bg5 21. Nf5 Rd8 22. h4 Bf6 23. Qf3 g6 24. Nxh6 Rd7 25. Rd1 Kg7 26. Nf5+ gxf5 27. Qxh5 Rxc3 28. bxc3 1-0

[Event "Mallorca-Tch Preferente"]
[Site "Palma de Mallorca ESP"]
[Date "2012.02.25"]
[Round "4.5"]
[White "Lechado Artigues, Pedro"]
[Black "Tyomkin, Dimitri"]
[Result "0-1"]
[WhiteElo "2166"]
[BlackElo "2498"]
[PlyCount "74"]
[GameId "2130307701204140"]
[EventDate "2012.01.28"]
[EventType "team"]
[EventRounds "9"]
[EventCountry "ESP"]
[SourceTitle "EXT 2014"]
[Source "ChessBase"]
[SourceDate "2013.11.20"]
[SourceVersion "1"]
[SourceVersionDate "2013.11.20"]
[SourceQuality "1"]
[WhiteTeam "La Balanguera"]
[BlackTeam "Sa Dragonera"]
[WhiteTeamCountry "ESP"]
[BlackTeamCountry "ESP"]

1. e4 c5 2. Nf3 Nc6 3. d4 cxd4 4. Nxd4 Nf6 5. Nc3 d6 6. Bg5 e6 7. Nxc6 bxc6 8. f4 Be7 9. Be2 d5 10. e5 Nd7 11. Bxe7 Qxe7 12. O-O Rb8 13. Rb1 O-O 14. Qe1 f6 15. Qg3 fxe5 16. fxe5 Rxf1+ 17. Rxf1 Nf8 18. b3 Bd7 19. Nd1 Qc5+ 20. Ne3 Be8 21. Kh1 Rb7 22. h4 Rf7 23. Rxf7 Bxf7 24. h5 Qc3 25. h6 Ng6 26. Qg5 Qa1+ 27. Kh2 Qxe5+ 28. Qxe5 Nxe5 29. hxg7 Kxg7 30. Kg3 Kf6 31. c3 Bg6 32. Kf4 c5 33. a3 d4 34. cxd4 cxd4 35. Nc4 Nxc4 36. Bxc4 e5+ 37. Kf3 Bf7 0-1

[Event "Mallorca-Tch Preferente"]
[Site "Palma de Mallorca ESP"]
[Date "2012.03.10"]
[Round "6.4"]
[White "Pont Mulet, Antonio"]
[Black "Tyomkin, Dimitri"]
[Result "1-0"]
[WhiteElo "2219"]
[BlackElo "2498"]
[PlyCount "33"]
[GameId "2130307701208288"]
[EventDate "2012.01.28"]
[EventType "team"]
[EventRounds "9"]
[EventCountry "ESP"]
[SourceTitle "EXT 2014"]
[Source "ChessBase"]
[SourceDate "2013.11.20"]
[SourceVersion "1"]
[SourceVersionDate "2013.11.20"]
[SourceQuality "1"]
[WhiteTeam "Tropic"]
[BlackTeam "Sa Dragonera"]
[WhiteTeamCountry "ESP"]
[BlackTeamCountry "ESP"]

1. e4 c5 2. c3 b6 3. d4 Bb7 4. f3 e6 5. Be3 Nf6 6. Nd2 Nc6 7. a3 Be7 8. Bd3 a5 9. Ne2 Ba6 10. Bxa6 Rxa6 11. O-O a4 12. Qe1 d5 13. e5 Nd7 14. f4 g6 15. Qf2 h5 16. c4 dxc4 17. Nxc4 1-0

[Event "Mallorca-Tch Preferente"]
[Site "Palma de Mallorca ESP"]
[Date "2012.03.24"]
[Round "8.3"]
[White "Petkov, Vladimir"]
[Black "Tyomkin, Dimitri"]
[Result "1/2-1/2"]
[WhiteElo "2519"]
[BlackElo "2498"]
[PlyCount "22"]
[GameId "2130307701208340"]
[EventDate "2012.01.28"]
[EventType "team"]
[EventRounds "9"]
[EventCountry "ESP"]
[SourceTitle "EXT 2014"]
[Source "ChessBase"]
[SourceDate "2013.11.20"]
[SourceVersion "1"]
[SourceVersionDate "2013.11.20"]
[SourceQuality "1"]
[WhiteTeam "Binissalem"]
[BlackTeam "Sa Dragonera"]
[WhiteTeamCountry "ESP"]
[BlackTeamCountry "ESP"]

1. d4 d5 2. c4 c6 3. cxd5 cxd5 4. Nc3 Nc6 5. Nf3 Nf6 6. Bf4 a6 7. e3 Bf5 8. Bd3 Bxd3 9. Qxd3 e6 10. O-O Bd6 11. Bxd6 Qxd6 1/2-1/2

[Event "Mallorca-Tch Preferente"]
[Site "Palma de Mallorca ESP"]
[Date "2012.03.31"]
[Round "9.4"]
[White "Martinez Gonzalez, Alejandro Santiago"]
[Black "Tyomkin, Dimitri"]
[Result "1/2-1/2"]
[WhiteElo "2356"]
[BlackElo "2498"]
[PlyCount "115"]
[GameId "2130307701208374"]
[EventDate "2012.01.28"]
[EventType "team"]
[EventRounds "9"]
[EventCountry "ESP"]
[SourceTitle "EXT 2014"]
[Source "ChessBase"]
[SourceDate "2013.11.20"]
[SourceVersion "1"]
[SourceVersionDate "2013.11.20"]
[SourceQuality "1"]
[WhiteTeam "Megaescacs Agora"]
[BlackTeam "Sa Dragonera"]
[WhiteTeamCountry "ESP"]
[BlackTeamCountry "ESP"]

1. d4 Nf6 2. Nf3 g6 3. Bg5 Bg7 4. Nbd2 O-O 5. c3 d6 6. h3 c5 7. e3 Nc6 8. Be2 b6 9. O-O Bb7 10. a4 Qc7 11. Qb1 e5 12. dxe5 dxe5 13. Nc4 a6 14. Rd1 Bc8 15. e4 h6 16. Be3 Rb8 17. b4 cxb4 18. cxb4 Nh5 19. Nd6 Nf4 20. Bc4 Be6 21. Bxa6 Rfd8 22. Nb5 Rxd1+ 23. Qxd1 Qe7 24. Qd6 Qxd6 25. Nxd6 Nxb4 26. Bf1 Nfd3 27. Bxd3 Nxd3 28. Rb1 Bf8 29. Nb5 Nc5 30. Bxc5 Bxc5 31. Nc7 Rd8 32. Nxe6 fxe6 33. Rc1 Ra8 34. Rc4 Rd8 35. Kf1 Rd1+ 36. Ke2 Ra1 37. Nxe5 Ra2+ 38. Kd3 Kg7 39. Nd7 Bxf2 40. Rb4 Kf7 41. Nxb6 Ra3+ 42. Ke2 Bxb6 43. Rxb6 Rxa4 44. Kf3 Kf6 45. Rb3 Ra1 46. Rb5 Ra3+ 47. Kf2 g5 48. Rc5 Ke7 49. Rb5 Kd6 50. h4 gxh4 51. Rh5 Ra2+ 52. Kf3 Ra3+ 53. Kf2 Ra2+ 54. Kf3 Ra3+ 55. Kf2 e5 56. Rxh6+ Kc5 57. Rxh4 Kd4 58. g3 1/2-1/2

[Event "Ettinger"]
[Site "Givataim ISR"]
[Date "2005.03.21"]
[Round "2"]
[White "Tyomkin, Dimitri"]
[Black "Khmelniker, Ilya"]
[Result "1/2-1/2"]
[WhiteElo "2512"]
[BlackElo "2458"]
[PlyCount "22"]
[GameId "2129405121016752"]
[EventDate "2005.03.20"]
[EventType "tourn"]
[EventRounds "9"]
[EventCountry "ISR"]
[EventCategory "6"]
[SourceTitle "The Week in Chess 542"]
[Source "Mark Crowther"]
[SourceDate "2005.03.28"]
[SourceVersion "1"]
[SourceVersionDate "2005.03.28"]
[SourceQuality "2"]

1. d4 Nf6 2. Nf3 g6 3. c4 Bg7 4. g3 O-O 5. Bg2 d6 6. Nc3 c6 7. O-O Bf5 8. Nh4 Bd7 9. Nf3 Bf5 10. Nh4 Bd7 11. Nf3 Bf5 1/2-1/2

[Event "Ettinger"]
[Site "Givataim ISR"]
[Date "2005.03.22"]
[Round "3"]
[White "Volman, Horassio"]
[Black "Tyomkin, Dimitri"]
[Result "0-1"]
[WhiteElo "2197"]
[BlackElo "2512"]
[PlyCount "108"]
[GameId "2129405121016757"]
[EventDate "2005.03.20"]
[EventType "tourn"]
[EventRounds "9"]
[EventCountry "ISR"]
[EventCategory "6"]
[SourceTitle "The Week in Chess 542"]
[Source "Mark Crowther"]
[SourceDate "2005.03.28"]
[SourceVersion "1"]
[SourceVersionDate "2005.03.28"]
[SourceQuality "2"]

1. e4 c5 2. d4 cxd4 3. c3 d3 4. Bxd3 Nc6 5. Nf3 d6 6. h3 g6 7. O-O Bg7 8. c4 Nf6 9. Nc3 O-O 10. Be3 Nd7 11. Rc1 Nc5 12. Bb1 a5 13. Qd2 Re8 14. Rfd1 Be6 15. Nd5 a4 16. Bh6 Bxd5 17. exd5 Ne5 18. Nd4 Qa5 19. Rc3 Bf6 20. Bg5 Bg7 21. Bh6 Bf6 22. Bg5 Bh8 23. h4 e6 24. dxe6 Nxe6 25. Nb5 Nxc4 26. Rxc4 Qxb5 27. Rb4 Qd7 28. Be3 Bf6 29. Qd5 Nd8 30. h5 Nc6 31. Rb6 Re6 32. hxg6 hxg6 33. Bd3 Ra5 34. Qf3 Bd4 35. Bxd4 Nxd4 36. Qxb7 Qxb7 37. Rxb7 d5 38. f3 Kg7 39. Kf2 Nc6 40. Bb5 Nd8 41. Rb8 Rd6 42. Rd4 a3 43. b4 Ra7 44. Rd3 Ne6 45. Ke3 Rc7 46. Rxa3 Rc2 47. g3 Rg2 48. Be2 d4+ 49. Kd3 Rxg3 50. Ke4 Kf6 51. Bc4 Ng5+ 52. Kf4 Rg2 53. Rb5 Nh3+ 54. Ke4 Nf2+ 0-1

[Event "Ettinger"]
[Site "Givataim ISR"]
[Date "2005.03.24"]
[Round "5"]
[White "Tyomkin, Dimitri"]
[Black "Gerzhoy, Leonid"]
[Result "1/2-1/2"]
[WhiteElo "2512"]
[BlackElo "2381"]
[PlyCount "38"]
[GameId "2129405121016766"]
[EventDate "2005.03.20"]
[EventType "tourn"]
[EventRounds "9"]
[EventCountry "ISR"]
[EventCategory "6"]
[SourceTitle "The Week in Chess 542"]
[Source "Mark Crowther"]
[SourceDate "2005.03.28"]
[SourceVersion "1"]
[SourceVersionDate "2005.03.28"]
[SourceQuality "2"]

1. e4 c5 2. Nf3 Nc6 3. d4 cxd4 4. Nxd4 e5 5. Nb5 a6 6. Nd6+ Bxd6 7. Qxd6 Qf6 8. Qd1 Qg6 9. Nc3 Nge7 10. h4 h5 11. Bg5 d5 12. exd5 Nb4 13. Bxe7 Kxe7 14. d6+ Kd8 15. Rc1 Bf5 16. Qf3 Qh6 17. Qd1 Qg6 18. Qf3 Qh6 19. Qd1 Qg6 1/2-1/2

[Event "Ettinger"]
[Site "Givataim ISR"]
[Date "2005.03.27"]
[Round "6"]
[White "Kaganskiy, Gleb"]
[Black "Tyomkin, Dimitri"]
[Result "1/2-1/2"]
[WhiteElo "2297"]
[BlackElo "2512"]
[PlyCount "50"]
[GameId "2129405121016770"]
[EventDate "2005.03.20"]
[EventType "tourn"]
[EventRounds "9"]
[EventCountry "ISR"]
[EventCategory "6"]
[SourceTitle "The Week in Chess 542"]
[Source "Mark Crowther"]
[SourceDate "2005.03.28"]
[SourceVersion "1"]
[SourceVersionDate "2005.03.28"]
[SourceQuality "2"]

1. Nf3 Nf6 2. c4 g6 3. Nc3 d5 4. cxd5 Nxd5 5. e4 Nxc3 6. dxc3 Qxd1+ 7. Kxd1 Nd7 8. Bc4 Bg7 9. Re1 Nc5 10. Bf4 c6 11. a4 f6 12. Nd2 e5 13. Be3 Ne6 14. a5 h5 15. Kc2 Bh6 16. Bxh6 Rxh6 17. Nb3 Ke7 18. Red1 Rh8 19. h4 Bd7 20. Rd2 Rhd8 21. Rad1 b6 22. g3 Nf8 23. f3 Be6 24. Rxd8 Rxd8 25. Rxd8 Kxd8 1/2-1/2

[Event "Ettinger"]
[Site "Givataim ISR"]
[Date "2005.03.28"]
[Round "7"]
[White "Tyomkin, Dimitri"]
[Black "Haimovich, Tal"]
[Result "1/2-1/2"]
[WhiteElo "2512"]
[BlackElo "2382"]
[PlyCount "41"]
[GameId "2129405121016776"]
[EventDate "2005.03.20"]
[EventType "tourn"]
[EventRounds "9"]
[EventCountry "ISR"]
[EventCategory "6"]
[SourceTitle "The Week in Chess 543"]
[Source "Mark Crowther"]
[SourceDate "2005.04.04"]
[SourceVersion "1"]
[SourceVersionDate "2005.04.04"]
[SourceQuality "2"]

1. e4 e5 2. Nf3 Nc6 3. Bc4 Nf6 4. d3 h6 5. O-O d6 6. a4 g6 7. Nc3 Bg7 8. h3 O-O 9. Be3 Qe7 10. Qd2 Kh7 11. Rfe1 Bd7 12. Rad1 a6 13. Qe2 Be6 14. Nd5 Bxd5 15. Bxd5 Nxd5 16. exd5 Nb8 17. Qd2 c6 18. dxc6 Nxc6 19. a5 d5 20. Bb6 Rfe8 21. c4 1/2-1/2

[Event "Ettinger"]
[Site "Givataim ISR"]
[Date "2005.03.29"]
[Round "8"]
[White "Bykhovsky, Avigdor"]
[Black "Tyomkin, Dimitri"]
[Result "1/2-1/2"]
[WhiteElo "2451"]
[BlackElo "2512"]
[PlyCount "89"]
[GameId "2129405121016778"]
[EventDate "2005.03.20"]
[EventType "tourn"]
[EventRounds "9"]
[EventCountry "ISR"]
[EventCategory "6"]
[SourceTitle "The Week in Chess 543"]
[Source "Mark Crowther"]
[SourceDate "2005.04.04"]
[SourceVersion "1"]
[SourceVersionDate "2005.04.04"]
[SourceQuality "2"]

1. d4 Nf6 2. c4 g6 3. Nc3 d5 4. cxd5 Nxd5 5. Na4 e5 6. dxe5 Nc6 7. Nf3 Ndb4 8. Bg5 Qxd1+ 9. Kxd1 Be6 10. Nc3 Bg7 11. a3 Nd5 12. e4 Nxc3+ 13. bxc3 Nxe5 14. Nxe5 Bxe5 15. Kc2 h6 16. Be3 O-O-O 17. f4 Bd6 18. Bd3 f6 19. Rhe1 Rhe8 20. f5 gxf5 21. exf5 Bd5 22. g3 c5 23. c4 Bf3 24. a4 Be5 25. Rab1 Bc6 26. Bxc5 Bxa4+ 27. Kd2 Rd7 28. Re3 b6 29. Bb4 Red8 30. Ke2 Bc6 31. c5 Bd4 32. Re6 Bd5 33. cxb6 axb6 34. Rc1+ Kb8 35. Bb5 Rg7 36. Rd6 Rxd6 37. Bxd6+ Kb7 38. Kd3 Bf2 39. Rc2 Bg1 40. Re2 Rg5 41. Bf4 Rxf5 42. Bxh6 Bf3 43. Re7+ Kc8 44. Re8+ Kb7 45. Re7+ 1/2-1/2

[Event "Ashdod op"]
[Site "Ashdod ISR"]
[Date "2004.12.13"]
[Round "6"]
[White "Gerzhoy, Leonid"]
[Black "Tyomkin, Dimitri"]
[Result "0-1"]
[WhiteElo "2372"]
[BlackElo "2505"]
[PlyCount "90"]
[GameId "2129405122714037"]
[EventDate "2004.12.09"]
[EventType "swiss"]
[EventRounds "9"]
[EventCountry "ISR"]
[SourceTitle "The Week in Chess 531"]
[Source "Mark Crowther"]
[SourceDate "2005.01.10"]
[SourceVersion "1"]
[SourceVersionDate "2005.01.10"]
[SourceQuality "2"]

1. d4 Nf6 2. c4 g6 3. Nc3 d5 4. Nf3 Bg7 5. cxd5 Nxd5 6. e4 Nxc3 7. bxc3 c5 8. Rb1 O-O 9. Be2 Nc6 10. d5 Ne5 11. Nxe5 Bxe5 12. Qd2 e6 13. f4 Bc7 14. O-O exd5 15. exd5 Ba5 16. d6 Rb8 17. Ba3 Bf5 18. Rbd1 Rc8 19. g4 Bd7 20. f5 gxf5 21. g5 c4 22. Bf3 Re8 23. Kh1 b5 24. Rfe1 Re6 25. Rxe6 fxe6 26. Rg1 Bb6 27. Rg3 Qf8 28. g6 h6 29. Rh3 f4 30. Be4 Qf6 31. Rf3 Be3 32. Qc2 Qe5 33. Rf1 Rf8 34. Bb4 Rf6 35. Qg2 Kg7 36. Qf3 Bb6 37. h4 a5 38. Ba3 Be3 39. Bc6 Bxc6 40. Qxc6 Qf5 41. Qf3 e5 42. Rd1 e4 43. Qg2 f3 44. Qh2 f2 45. Rf1 Rxg6 0-1

[Event "Ashdod op"]
[Site "Ashdod ISR"]
[Date "2004.12.15"]
[Round "9"]
[White "Tyomkin, Dimitri"]
[Black "Huzman, Alexander"]
[Result "1/2-1/2"]
[WhiteElo "2505"]
[BlackElo "2581"]
[PlyCount "30"]
[GameId "2129405122714072"]
[EventDate "2004.12.09"]
[EventType "swiss"]
[EventRounds "9"]
[EventCountry "ISR"]
[SourceTitle "The Week in Chess 531"]
[Source "Mark Crowther"]
[SourceDate "2005.01.10"]
[SourceVersion "1"]
[SourceVersionDate "2005.01.10"]
[SourceQuality "2"]

1. e4 e5 2. Nf3 Nc6 3. Bc4 Nf6 4. d3 Be7 5. O-O O-O 6. Re1 d6 7. a4 Kh8 8. h3 Be6 9. Nc3 Ng8 10. a5 a6 11. Nd5 Bxd5 12. Bxd5 Nxa5 13. Rxa5 c6 14. Bd2 cxd5 15. Rxd5 Nf6 1/2-1/2

[Event "Beer Sheva rapid"]
[Site "Beer Sheva ISR"]
[Date "2004.04.18"]
[Round "2"]
[White "Greenfeld, Alonso"]
[Black "Tyomkin, Dimitri"]
[Result "0-1"]
[WhiteElo "2551"]
[BlackElo "2503"]
[PlyCount "96"]
[GameId "2129405128092748"]
[EventDate "2004.04.18"]
[EventType "tourn (rapid)"]
[EventRounds "11"]
[EventCountry "ISR"]
[EventCategory "12"]
[SourceTitle "The Week in Chess 494"]
[Source "Mark Crowther"]
[SourceDate "2004.04.26"]
[SourceVersion "1"]
[SourceVersionDate "2004.04.26"]
[SourceQuality "2"]

1. d4 Nf6 2. Nf3 g6 3. c4 Bg7 4. Nc3 d5 5. Bg5 Ne4 6. Bf4 Nxc3 7. bxc3 c5 8. e3 O-O 9. cxd5 Qxd5 10. Be2 cxd4 11. cxd4 Qa5+ 12. Qd2 Nc6 13. Qxa5 Nxa5 14. O-O Be6 15. Bc7 Bc4 16. Bxc4 Nxc4 17. Rab1 b6 18. Rfc1 Na5 19. Rc3 Rfc8 20. Rbc1 Kf8 21. h4 h5 22. Kf1 Ke8 23. Ke2 Nb7 24. a4 Nd8 25. Be5 Rxc3 26. Rxc3 f6 27. Bh2 Ne6 28. Rc6 Nd8 29. Rc4 Ne6 30. Rc6 Nd8 31. Rc2 Ne6 32. a5 Kd7 33. Nd2 f5 34. axb6 axb6 35. Nc4 Ra6 36. Be5 Bf6 37. Bxf6 exf6 38. d5 Nc7 39. d6 Nd5 40. Rd2 Nc3+ 41. Kd3 Na4 42. Ke2 b5 43. Nb2 Nc3+ 44. Kf3 Ra2 45. Rd3 Ne4 46. Nd1 b4 47. Kf4 Nc5 48. Rd5 Kc6 0-1

[Event "Beer Sheva rapid"]
[Site "Beer Sheva ISR"]
[Date "2004.04.19"]
[Round "6"]
[White "Tyomkin, Dimitri"]
[Black "Avrukh, Boris"]
[Result "0-1"]
[WhiteElo "2503"]
[BlackElo "2620"]
[PlyCount "74"]
[GameId "2129405128092765"]
[EventDate "2004.04.18"]
[EventType "tourn (rapid)"]
[EventRounds "11"]
[EventCountry "ISR"]
[EventCategory "12"]
[SourceTitle "The Week in Chess 494"]
[Source "Mark Crowther"]
[SourceDate "2004.04.26"]
[SourceVersion "1"]
[SourceVersionDate "2004.04.26"]
[SourceQuality "2"]

1. e4 c5 2. Nf3 Nc6 3. d4 cxd4 4. Nxd4 Qb6 5. Nb3 Nf6 6. Nc3 e6 7. Be3 Qc7 8. Qd2 a6 9. f3 d6 10. O-O-O Be7 11. Kb1 O-O 12. g4 b5 13. Nd4 Ne5 14. g5 Nfd7 15. f4 b4 16. Na4 Nc5 17. Nxc5 dxc5 18. Nb3 c4 19. Nd4 c3 20. Qe2 Ng6 21. f5 Ne5 22. Bf4 Bd6 23. Nf3 exf5 24. Rxd6 Qxd6 25. Bxe5 Qc6 26. exf5 Bxf5 27. Bg2 Rae8 28. Qf2 Be4 29. Bf4 cxb2 30. Nd4 Qd5 31. Rg1 Bxg2 32. Rxg2 Re4 33. Ne2 Rfe8 34. Qf1 Qc4 35. Kxb2 Rxe2 36. Rxe2 Rxe2 37. Bd2 Qd4+ 0-1

[Event "Beer Sheva rapid"]
[Site "Beer Sheva ISR"]
[Date "2004.04.21"]
[Round "11"]
[White "Khmelniker, Ilya"]
[Black "Tyomkin, Dimitri"]
[Result "1/2-1/2"]
[WhiteElo "2458"]
[BlackElo "2503"]
[PlyCount "107"]
[GameId "2129405128092782"]
[EventDate "2004.04.18"]
[EventType "tourn (rapid)"]
[EventRounds "11"]
[EventCountry "ISR"]
[EventCategory "12"]
[SourceTitle "The Week in Chess 494"]
[Source "Mark Crowther"]
[SourceDate "2004.04.26"]
[SourceVersion "1"]
[SourceVersionDate "2004.04.26"]
[SourceQuality "2"]

1. d4 Nf6 2. c4 g6 3. Nc3 d5 4. Bf4 Bg7 5. e3 c5 6. dxc5 Qa5 7. Rc1 dxc4 8. Bxc4 O-O 9. Nge2 Nbd7 10. O-O Nxc5 11. Nb5 Bd7 12. Bc7 b6 13. Ned4 a6 14. Nc3 Rac8 15. Be5 Na4 16. Bxf6 Nxb2 17. Nb3 Nxd1 18. Nxa5 Bxf6 19. Rfxd1 Bg4 20. f3 bxa5 21. Nd5 Be6 22. Nxf6+ exf6 23. Bxa6 Rxc1 24. Rxc1 Ra8 25. Bb7 Ra7 26. Bc6 Bxa2 27. Ra1 Be6 28. e4 Kf8 29. Kf2 Ke7 30. Ke3 Kd6 31. Ba4 Rb7 32. Bd1 Rb5 33. Be2 Rc5 34. Bd3 Bd7 35. Kd4 a4 36. Bc4 Be8 37. Rb1 Ra5 38. Rb6+ Ke7 39. Rb7+ Kf8 40. Kc3 a3 41. Rb1 Bd7 42. Kb4 Ra4+ 43. Kb3 a2 44. Ra1 Ke7 45. Bd5 f5 46. exf5 Rd4 47. Bc4 Bxf5 48. Rxa2 Kf6 49. Ra6+ Kg5 50. Bxf7 Rd3+ 51. Kb4 Rd2 52. Ra2 Rxa2 53. Bxa2 Kf4 54. Kc5 1/2-1/2

[Event "La Roda op"]
[Site "La Roda ESP"]
[Date "2004.04.07"]
[Round "1"]
[White "Campayo Hernandez, Juan"]
[Black "Tyomkin, Dimitri"]
[Result "0-1"]
[WhiteElo "2014"]
[BlackElo "2503"]
[PlyCount "114"]
[GameId "2129405128340295"]
[EventDate "2004.04.07"]
[EventType "swiss"]
[EventRounds "9"]
[EventCountry "ESP"]
[SourceTitle "CBM 099 ext"]
[Source "ChessBase"]
[SourceDate "2004.05.04"]
[SourceVersion "1"]
[SourceVersionDate "2004.05.04"]
[SourceQuality "1"]

1. c4 e5 2. g3 Nf6 3. Bg2 h6 4. Nc3 Bb4 5. Nd5 Nxd5 6. cxd5 O-O 7. e3 c6 8. a3 Ba5 9. b4 Bb6 10. d6 Qf6 11. Bb2 Qxd6 12. Nf3 Re8 13. d4 exd4 14. O-O Qe7 15. Nxd4 d5 16. Qc2 Be6 17. e4 dxe4 18. Bxe4 Bxd4 19. Bxd4 Nd7 20. Rad1 Nf6 21. Rfe1 a6 22. Bf5 Bxf5 23. Qxf5 Qxe1+ 24. Rxe1 Rxe1+ 25. Kg2 Re6 26. Bxf6 Rxf6 27. Qd7 b5 28. Qb7 Rd8 29. f4 Rd2+ 30. Kh3 g6 31. Qxa6 Re6 32. Qb7 Kg7 33. Qc8 Rd3 34. Qa6 Rd5 35. Qb6 Rh5+ 36. Kg2 Rd5 37. Kh3 g5 38. Qf2 Rf6 39. Qg2 gxf4 40. gxf4+ Rg6 41. Qf3 Rf5 42. Kh4 h5 43. Qc3+ Kh7 44. Qf3 Kh6 45. Qe3 Rg4+ 46. Kh3 Rfxf4 47. Qd2 Kg7 48. Qc3+ Rf6 49. Qe5 Kg6 50. Qe2 Re6 51. Qc2+ f5 52. Qb3 Rge4 53. Qg3+ Rg4 54. Qb3 Kf6 55. Qc3+ Ke7 56. Qc5+ Ke8 57. Qa7 f4 0-1